NBA Steal Champs Quiz - Statistics

General Stats
  • This quiz has been taken 190 times
    18 since last reset
  • The average score is 21 of 52
Answer Stats
Year SPG Player % Correct
1993 2.8 Michael Jordan
94%
1990 2.8 Michael Jordan
94%
1988 3.2 Michael Jordan
94%
1992 3.0 John Stockton
75%
1989 3.2 John Stockton
75%
2017 2.0 Chris Paul
69%
2014 2.5 Chris Paul
69%
2013 2.4 Chris Paul
69%
2012 2.5 Chris Paul
69%
2011 2.4 Chris Paul
69%
2009 2.8 Chris Paul
69%
2008 2.7 Chris Paul
69%
1982 2.7 Magic Johnson
63%
1981 3.4 Magic Johnson
63%
2025 3.0 Dyson Daniels
56%
1995 2.9 Scottie Pippen
56%
2016 2.1 Stephen Curry
56%
1991 3.0 Alvin Robertson
50%
1987 3.2 Alvin Robertson
50%
1986 3.7 Alvin Robertson
50%
2004 2.4 Baron Davis
50%
1996 2.9 Gary Payton
50%
2010 2.3 Rajon Rondo
50%
2003 2.7 Allen Iverson
44%
2002 2.8 Allen Iverson
44%
2001 2.5 Allen Iverson
44%
2015 2.3 Kawhi Leonard
44%
2019 2.2 Paul George
44%
1984 2.7 Rickey Green
31%
1983 2.7 Rickey Green
31%
2022 2.0 Dejounte Murray
25%
2000 2.7 Eddie Jones
25%
2006 2.5 Gerald Wallace
25%
2021 2.1 Jimmy Butler
25%
1975 2.9 Rick Barry
25%
2020 2.1 Ben Simmons
19%
1985 3.0 Michael Ray Richardson
19%
1980 3.2 Michael Ray Richardson
19%
1998 2.6 Mookie Blaylock
19%
1997 2.7 Mookie Blaylock
19%
2007 2.1 Caron Butler
13%
2024 2.0 De'Aaron Fox
13%
2005 2.9 Larry Hughes
13%
2023 1.9 O.G. Anunoby
13%
1977 3.5 Don Buse
6%
1999 2.7 Kendall Gill
6%
1979 2.5 M.L. Carr
6%
1994 3.0 Nate McMillan
6%
1976 3.2 Slick Watts
6%
2018 2.4 Victor Oladipo
6%
1974 2.7 Larry Steele
0%
1978 2.7 Ron Lee
0%
No matching quizzes found
Score Distribution
Percent of People with Each Score
Percentile by Number Answered
Your Score History
You have not taken this quiz since the last reset